000 00438nam a22001457a 4500
008 231027b |||||||| |||| 00| 0 eng d
020 _a978-013487437
050 _aQD453.3
_b.T76 2021
100 _aTro, Nivaldo J.
245 _aChemistry :
_bA molecular approach /by
_cNivaldo J. Tro
250 _a5th ed.
260 _bPearson
_c2021
300 _a1207p.
_bIncludes index, Appendix, glossary and photo & text credits
942 _2lcc
_cBK
999 _c20370
_d20369